10 Najwartościowszych Słowaków - Statystyki

Ogólne statystyki
  • Ten quiz został rozwiązany 28 razy
  • Średni wynik to 3 z 10
Statystyki odpowiedzi
Wartość Piłkarz % Poprawnych
6,8 mln Hamsik
88%
48 mln Skriniar
71%
10,5 mln Duda
46%
16 mln Lobotka
46%
5,5 mln Dubravka
42%
4 mln Kucka
13%
4 mln Hrosovsky
4%
8 mln Benes
0%
4 mln Rodak
0%
6,5 mln Vavro
0%
Nie znaleziono quizów pasujących do podanych kryteriów
Rozkład punktacji
Procent ludzi z każdym wynikiem
Percentyl według liczby udzielonych odpowiedzi
Twoja historia wyników
Nie rozwiązałeś tego quizu